Autonómia učiaceho sa pri formovaní komunikačnej kompetencie v odbornom cudzom jazyku

Projektovanie výučby odborného cudzieho jazyka. Práca s odbornými cudzojazyčnými textami. Axiologická kompetencia v jazykovej komunikácii. Komunikačná kompetencia.

Na minha lista:
Detalhes bibliográficos
Autor principal: Rizeková, Iveta, 1961-
Formato: Capítulo de Livro
Idioma:eslovaco
Assuntos:
Tags: Adicionar Tag
Sem tags, seja o primeiro a adicionar uma tag!

MARC

LEADER 00000nla a2200000 4500
001 0180113
005 20240502083423.7
041 0 |a slo 
044 |a CZ 
245 1 0 |a Autonómia učiaceho sa pri formovaní komunikačnej kompetencie v odbornom cudzom jazyku  |c Iveta Rizeková 
520 |a Projektovanie výučby odborného cudzieho jazyka. Práca s odbornými cudzojazyčnými textami. Axiologická kompetencia v jazykovej komunikácii. Komunikačná kompetencia. 
610 2 0 |a jazyky cudzie 
610 2 0 |a jazyk odborný 
610 2 0 |a kompetencie 
610 2 0 |a komunikácia 
610 2 0 |a vzdelávanie 
100 1 |a Rizeková, Iveta, 1961-